000 00625cam8a220021700 4500
001 lce00137384
008 761026s1977 nyua 000 1 eng
010 _a 76049494
020 _a0688031668
035 _a(Sirsi) r26359
035 _a(DLC) 76049494
035 _a(UPRA)lce00137384
050 0 _aPZ4.H3223
_bAf
_aPS3558.A672
082 _a813/.5/4
100 1 _aHarrison, William, 1933-
_dHarrison, William, 1933-
_6A90061.1
245 1 0 _aAfricana /
_cWilliam Harrison.
260 _aNew York :
_bMorrow,
_c1977.
500 _aA novel.
949 _aPZ4.H3223
_wlcc
_i-27091
_mMAIN
_tBOOK
_lON-SHELF
004 26359
999 _c188289
_d188289